| 000 | 00444 a2200133 4500 | ||
|---|---|---|---|
| 005 | 20250619125341.0 | ||
| 020 | _a978-0-9570094-0-0 | ||
| 082 | _a658.4 MEU | ||
| 100 | _aMEURISSE, P | ||
| 245 | _aA Board of Directors in Action During a Board Meeting: Recovering and Describing the Phenomenon | ||
| 260 |
_aDesborough _bVeritas Business Services- Professional Publishing Department _c2011. |
||
| 300 |
_a767p. _bReferences _c24cm |
||
| 942 |
_2ddc _cBKS |
||
| 999 |
_c4425 _d4425 |
||